000 00524nam a2200181Ia 4500
008 100917s9999 xx 000 0 und d
082 _b39224
100 _aकमतनूरकर सरोजिनी - अनु.
245 _aमहाव्रत
260 _bकल्पतरू प्रकाशन
_c1980
300 _a250
365 _b21
520 _aकादंबरी
630 _aमहाव्रत
650 _aकादंबरी
730 _aमहाव्रत
942 _cBOOK
999 _c644618
_d644615